[Event "Titled Tuesday intern op 16th Apr Late"]
[Site "Chess.com INT"]
[Date "2024.04.16"]
[Round "5"]
[White "Corrales Jimenez, Fidel"]
[Black "Collins, Adam"]
[Result "1-0"]
[WhiteElo "2545"]
[BlackElo "2176"]
[PlyCount "43"]
[EventDate "2024.04.16"]
[EventType "swiss (blitz)"]
[EventRounds "11"]
[EventCountry "USA"]
[SourceTitle "CB17_2024"]
[SourceDate "2024.04.24"]
[SourceVersion "1"]
[SourceVersionDate "2024.04.24"]
[SourceQuality "1"]

1. e4 a6 2. d4 b5 3. f4 Bb7 4. Bd3 e6 5. Nf3 c5 6. c3 Nf6 7. Qe2 d6 8. 0-0 Be7 9. Kh1 Nbd7 10. Be3 0-0 11. Nbd2 Rc8 12. Rae1 Re8 13. Ng5 h6 14. Nxf7 Kxf7 15. e5 Nd5 16. Bh7 g6 17. f5 exf5 18. Bxh6 dxe5 19. Rxf5+ gxf5 20. Qh5+ Ke6 21. dxe5 Rg8 22. Qxf5# 1-0

[Event "Titled Tuesday intern op 13th Feb Early"]
[Site "Chess.com INT"]
[Date "2024.02.13"]
[Round "4"]
[White "Lagno, Kateryna"]
[Black "Collins, Adam"]
[Result "1-0"]
[WhiteElo "2542"]
[BlackElo "2189"]
[PlyCount "47"]
[EventDate "2024.02.13"]
[EventType "swiss (blitz)"]
[EventRounds "11"]
[EventCountry "USA"]
[SourceTitle "CB08_2024"]
[SourceDate "2024.02.21"]
[SourceVersion "1"]
[SourceVersionDate "2024.02.21"]
[SourceQuality "1"]

1. e4 c5 2. Nf3 d6 3. d4 cxd4 4. Nxd4 Nf6 5. Nc3 Nc6 6. Bg5 e6 7. Qd3 Be7 8. Nxc6 bxc6 9. 0-0-0 Qa5 10. h4 0-0 11. Be2 Rb8 12. Qg3 Ba6 13. Bxa6 Qxa6 14. h5 Qb6 15. b3 Kh8 16. h6 g6 17. Qh4 Qd8 18. Rxd6 Qxd6 19. Bxf6+ Kg8 20. Bxe7 Qe5 21. Bxf8 Rxf8 22. Kb2 c5 23. f4 Qc7 24. Qf6 1-0

[Event "Dublin Gonzaga Masters"]
[Site "Dublin"]
[Date "2024.01.27"]
[Round "2"]
[White "Nolan, Conor"]
[Black "Collins, Adam"]
[Result "1/2-1/2"]
[WhiteElo "1944"]
[BlackElo "2192"]
[PlyCount "132"]
[EventDate "2024.01.26"]
[EventType "swiss"]
[EventRounds "5"]
[EventCountry "IRL"]
[SourceTitle "CB05_2024"]
[SourceDate "2024.01.31"]
[SourceVersion "1"]
[SourceVersionDate "2024.01.31"]
[SourceQuality "1"]

1. d4 Nf6 2. c4 e6 3. Nf3 d5 4. Nc3 dxc4 5. Qa4+ Nbd7 6. Qxc4 a6 7. Bf4 c5 8. dxc5 Bxc5 9. b4 b5 10. Qb3 Be7 11. Rc1 0-0 12. a4 bxa4 13. Qxa4 Nb6 14. Qa5 Nbd5 15. Nxd5 Nxd5 16. Bd2 Rb8 17. Rc4 Bxb4 18. Qxd8 Rxd8 19. e4 Bxd2+ 20. Nxd2 Nb4 21. h4 a5 22. Rh3 Bd7 23. Rc5 a4 24. Ra3 Rdc8 25. Rxc8+ Rxc8 26. Kd1 Kf8 27. Nb1 Rc2 28. Be2 Rc5 29. Nc3 Ke7 30. Kd2 Ra5 31. Bd1 Na6 32. e5 Rxe5 33. Bxa4 Ra5 34. Ra2 Nb4 35. Rb2 Bxa4 36. Rxb4 Bc6 37. Rg4 g6 38. g3 Rf5 39. Rf4 Rxf4 40. gxf4 Kf6 41. Ke3 Kg7 42. f3 Kh6 43. Kf2 Kh5 44. Kg3 f6 45. Nd1 g5 46. fxg5 fxg5 47. hxg5 Kxg5 48. Ne3 Be8 49. f4+ Kf6 50. Kg4 Bg6 51. Kh4 h5 52. Kg3 Ke7 53. Kh4 Kf6 54. Kg3 Bd3 55. Kh4 Be2 56. Nc2 Ke7 57. Nd4 Bg4 58. Nc6+ Kd6 59. Ne5 Be2 60. Kg5 Kd5 61. Ng6 Ke4 62. Nh4 Bg4 63. Ng6 Kf3 64. Kh4 Bf5 65. Nf8 Kxf4 66. Nxe6+ Bxe6 1/2-1/2

[Event "Dublin op"]
[Site "Dublin"]
[Date "2024.01.06"]
[Round "5"]
[White "Dumansky, Yaroslav"]
[Black "Collins, Adam"]
[Result "1-0"]
[WhiteElo "2307"]
[BlackElo "2192"]
[PlyCount "87"]
[EventDate "2024.01.04"]
[EventType "swiss"]
[EventRounds "7"]
[EventCountry "IRL"]
[SourceTitle "CB02_2024"]
[SourceDate "2024.01.10"]
[SourceVersion "1"]
[SourceVersionDate "2024.01.10"]
[SourceQuality "1"]

1. Nf3 d5 2. g3 Nf6 3. Bg2 Bf5 4. c4 c6 5. cxd5 cxd5 6. Qb3 Qc8 7. Nc3 e6 8. 0-0 h6 9. d3 Be7 10. e4 dxe4 11. Nd4 Bh7 12. dxe4 e5 13. Qb5+ Nbd7 14. Nf5 Bxf5 15. exf5 Rb8 16. Be3 a6 17. Qe2 b5 18. Rac1 Qc4 19. Qxc4 bxc4 20. Na4 Ng4 21. Bc6 Nxe3 22. fxe3 Bg5 23. Kf2 Ke7 24. Bxd7 Kxd7 25. Rxc4 Rhc8 26. Nb6+ Rxb6 27. Rd1+ Ke7 28. Rxc8 Rxb2+ 29. Kf3 Rxh2 30. Rc7+ Ke8 31. Rd5 Bf6 32. Rc8+ Ke7 33. Ra5 Kd7 34. Ra8 h5 35. R5xa6 h4 36. R8a7+ Kc8 37. gxh4 Rh3+ 38. Ke4 Rxh4+ 39. Kd5 Rh1 40. Rxf7 Rd1+ 41. Ke4 Kb8 42. Re6 Rd8 43. Rfxf6 gxf6 44. Rxf6 1-0

[Event "Dublin op"]
[Site "Dublin"]
[Date "2024.01.05"]
[Round "3"]
[White "Janusaitis, Mindaugas"]
[Black "Collins, Adam"]
[Result "0-1"]
[WhiteElo "1885"]
[BlackElo "2192"]
[PlyCount "75"]
[EventDate "2024.01.04"]
[EventType "swiss"]
[EventRounds "7"]
[EventCountry "IRL"]
[SourceTitle "CB02_2024"]
[SourceDate "2024.01.10"]
[SourceVersion "1"]
[SourceVersionDate "2024.01.10"]
[SourceQuality "1"]

1. e4 c5 2. Nf3 d6 3. c3 Nf6 4. Be2 g6 5. 0-0 Bd7 6. e5 dxe5 7. Nxe5 Nc6 8. Nxd7 Qxd7 9. Na3 Bg7 10. d3 0-0 11. Be3 b6 12. d4 cxd4 13. cxd4 Rfd8 14. Bf3 Rac8 15. Bxc6 Rxc6 16. Rc1 Rxc1 17. Qxc1 Nd5 18. Qd2 Nxe3 19. fxe3 e5 20. d5 Qxd5 21. Qxd5 Rxd5 22. e4 Rd4 23. Nb5 Rxe4 24. Nxa7 Ra4 25. Nb5 Rxa2 26. Rb1 e4 27. Nc3 Bxc3 28. bxc3 Rc2 29. Rxb6 Rxc3 30. Rb4 f5 31. Rb7 Rc2 32. h4 e3 33. Re7 e2 34. g3 Kf8 35. Re3 Rc3 36. Rxe2 Rxg3+ 37. Kh2 Rg4 38. Kh3 0-1

[Event "London IM"]
[Site "London"]
[Date "2023.12.05"]
[Round "1"]
[White "Shearsby, Jude"]
[Black "Collins, Adam"]
[Result "1/2-1/2"]
[WhiteElo "2159"]
[BlackElo "2183"]
[PlyCount "43"]
[EventDate "2023.12.05"]
[EventType "tourn"]
[EventRounds "9"]
[EventCountry "ENG"]
[SourceTitle "CB50_2023"]
[SourceDate "2023.12.13"]
[SourceVersion "1"]
[SourceVersionDate "2023.12.13"]
[SourceQuality "1"]
[WhiteTeam "Norm Seeker II"]
[BlackTeam "Norm Seeker III"]
[WhiteTeamCountry "ENG"]
[BlackTeamCountry "ENG"]

1. e4 c5 2. Nf3 d6 3. d4 cxd4 4. Nxd4 Nf6 5. Nc3 Nc6 6. Bg5 e6 7. Qd2 a6 8. 0-0-0 Bd7 9. f4 Be7 10. Nf3 b5 11. Bxf6 gxf6 12. f5 Qb6 13. g3 h5 14. fxe6 fxe6 15. Bh3 Ne5 16. Nh4 Qa5 17. Kb1 Nc4 18. Qd4 Rg8 19. Nd5 exd5 20. Qxd5 0-0-0 21. Qc6+ Qc7 22. Qa8+ 1/2-1/2

[Event "Glorney Cup"]
[Site "Stirling"]
[Date "2023.08.20"]
[Round "5"]
[White "Collins, Adam"]
[Black "Madhavan, Sanjith1111"]
[Result "1-0"]
[WhiteElo "2093"]
[BlackElo "1976"]
[PlyCount "67"]
[EventDate "2023.08.18"]
[EventType "team-tourn"]
[EventRounds "6"]
[EventCountry "SCO"]
[SourceTitle "EXT 2024"]
[Source "ChessBase"]
[SourceDate "2023.10.10"]
[SourceVersion "1"]
[SourceVersionDate "2023.10.10"]
[SourceQuality "1"]
[WhiteTeam "Ireland"]
[BlackTeam "Scotland"]
[WhiteTeamCountry "IRL"]
[BlackTeamCountry "SCO"]

1. d4 Nf6 2. c4 g6 3. Nc3 Bg7 4. e4 0-0 5. h3 d6 6. Bg5 h6 7. Be3 e5 8. d5 a5 9. Be2 Na6 10. Nf3 Nc5 11. Qc2 Nh5 12. Nd2 Nf4 13. Bxc5 dxc5 14. Bf3 c6 15. h4 g5 16. hxg5 hxg5 17. g3 Ng6 18. 0-0-0 g4 19. Bg2 Qg5 20. Kb1 cxd5 21. cxd5 Bd7 22. Nc4 Ra6 23. Bf1 a4 24. Ne3 Ra5 25. d6 b5 26. Ncd5 Ra6 27. Nf5 Rb8 28. Nfe7+ Nxe7 29. Nxe7+ Kf8 30. Qxc5 Ke8 31. Nd5 Rc6 32. Qa7 Rbc8 33. Bxb5 Rxd6 34. Bxd7+ 1-0

[Event "Reykjavik Kvika op"]
[Site "Reykjavik"]
[Date "2022.04.09"]
[Round "5"]
[White "Omarsson, Adam"]
[Black "Collins, Adam"]
[Result "0-1"]
[WhiteElo "1740"]
[BlackElo "2039"]
[PlyCount "68"]
[EventDate "2022.04.06"]
[EventType "swiss"]
[EventRounds "9"]
[EventCountry "ISL"]
[SourceTitle "CBM 207 Extra"]
[Source "ChessBase"]
[SourceDate "2022.05.31"]
[SourceVersion "1"]
[SourceVersionDate "2022.05.31"]
[SourceQuality "1"]

1. Nf3 Nf6 2. g3 g6 3. Bg2 Bg7 4. d4 0-0 5. 0-0 d5 6. h3 c5 7. c3 Nc6 8. Ne5 Qb6 9. dxc5 Qxc5 10. Nd3 Qd6 11. b3 Rd8 12. Ba3 Qc7 13. Qc1 Ne4 14. Kh2 Bf5 15. f4 h5 16. Nf2 Nxf2 17. Rxf2 Rac8 18. e3 e6 19. Bb2 Nb4 20. Bf1 Bxb1 21. Qxb1 Bxc3 22. a3 Bxb2 23. Qxb2 Nc6 24. g4 hxg4 25. hxg4 d4 26. exd4 Rxd4 27. Kg3 g5 28. Qc1 Rcd8 29. b4 Rxf4 30. Rxf4 Rd4 31. b5 Rxf4 32. Be2 Rf1+ 33. Kh3 Rxc1 34. Rxc1 Qf4 0-1